LEADER 00988nam0 22002891i 450 001 RML0295933 005 20231121125739.0 010 $a0750692154 100 $a20121121d1993 ||||0itac50 ba 101 | $aeng 102 $aus 181 1$6z01$ai $bxxxe 182 1$6z01$an 200 1 $aCharacterization of materials$fJohn B. Wachtman 210 $aBoston $cButterworth-Heinemann $d1993 215 $aXVI, 480 p.$d23 cm. 676 $a620.11$9$v21 700 1$aWachtman$b, John B.$3RMLV191114$0621925 701 1$aKalman$b, Zwi H.$3RMLV191113$01445419 801 3$aIT$bIT-01$c20121121 850 $aIT-FR0099 899 $aBiblioteca Area Ingegneristica$bFR0099 912 $aRML0295933 950 0$aBiblioteca Area Ingegneristica$d 54DII 620.1 WAC$e 54VM 0000656705 VM barcode:BAIN002822. - Inventario:4067DVM$fA $h20070124$i20121204 977 $a 54 996 $aCharacterization of materials$93628889 997 $aUNICAS